[Event "LTU-ch Men 2019"]
[Site "Vilnius"]
[Date "2019.03.19"]
[Round "7.1"]
[White "Valantiejus, Vaidotas"]
[Black "Laurusas, Tomas"]
[Result "1/2-1/2"]
[WhiteElo "2048"]
[BlackElo "2495"]
[Annotator "TA"]
[PlyCount "42"]
[EventDate "2019.??.??"]
[EventCountry "LTU"]
[SourceTitle "playchess.com"]
[Source "ChessBase"]
[SourceQuality "1"]

{[%evp 12,42,58,37,43,46,24,30,39,5,81,58,77,68,57,50,63,70,160,166,168,130,179,181,187,184,160,104,205,147,178,179,235]} 1. e4 c5 2. Nf3 e6 3. d4 cxd4 4. Nxd4 a6 5. Bd3 Ne7 6. O-O Nbc6 7. Nb3 g6 {B42: Sicilian: Kan Variation: 5 Bd3} 8. c4 Bg7 9. Nc3 O-O {White has an edge.} 10. Be2 (10. Bf4 d5 11. exd5 exd5 12. c5 b6 13. Bd6 bxc5 14. Bxc5 Re8 15. Re1 Rb8 {½-½ (29) Saric,I (2695)-Kamsky,G (2666) St Petersburg 2018}) 10... d6 (10... f5 $11 {remains equal.}) 11. Bg5 $146 ({Predecessor:} 11. Bf4 Ne5 12. Qd2 Qc7 13. Rac1 b6 14. Bh6 Bxh6 15. Qxh6 f5 {1-0 (41) Zhao,Z (2523)-Magalashvili,D (2508) Batumi 2018}) 11... h6 12. Be3 f5 13. Qd2 $36 {[%mdl 2048] White has the initiative.} g5 $1 {[#] And now ...f4 would win.} 14. f4 e5 ({Better is} 14... Ng6 $1 $14) 15. fxg5 $16 f4 16. Bf2 Ng6 17. gxh6 Bxh6 18. Rad1 Qg5 19. Bf3 (19. Kh1 $142) 19... Be6 (19... Nh4 $16 {was necessary.} 20. Bxh4 Qxh4 21. Qxd6 Rf6) 20. Nd5 ({Resist} 20. Qxd6 $6 Bxc4 21. Rfe1 Nh4 $16) 20... Rad8 21. Qe1 Nge7 {Accuracy: White = 74%, Black = 39%.} (21... Bg7 $142 22. h4 Qh6) 1/2-1/2

[Event "LTU-ch Men 2019"]
[Site "Vilnius"]
[Date "2019.03.19"]
[Round "7.2"]
[White "Malisauskas, Vidmantas"]
[Black "Kaunas, Kestutis"]
[Result "1/2-1/2"]
[WhiteElo "2451"]
[BlackElo "2156"]
[Annotator "TA"]
[PlyCount "141"]
[EventDate "2019.??.??"]
[EventCountry "LTU"]
[SourceTitle "playchess.com"]
[Source "ChessBase"]
[SourceQuality "1"]

{[%evp 19,141,4,12,-4,-6,-14,-12,-14,-12,-13,0,0,0,-20,-16,-24,-17,-118,-70,-67,-67,-66,-57,-54,-2,-18,-12,-21,-14,-87,-80,-105,-82,-92,-96,-133,-105,-93,-43,-49,-42,-69,-69,-153,-112,-210,-210,-254,-231,-262,-266,-286,-284,-279,-241,-275,-269,-264,-134,-132,-146,-4594,-4202,-2006,-1847,-1018,0,-1122,-204,-187,-202,-188,0,0,0,0,37,-8,-8,-8,-8,-44,-44,-43,-32,-32,-32,-29,-20,-32,-32,-32,-20,-20,-18,-18,-18,-18,-16,-28,-28,-28,-28,-28,-28,-28,-20,-20,-20,-20,-20,-20,-20,-20,-20,-20,-20,-32,-20,-28,-28,-28,-28,-28]} 1. d4 d5 2. c4 c6 3. Nf3 Nf6 4. e3 e6 5. Bd3 dxc4 6. Bxc4 c5 7. O-O a6 8. dxc5 Bxc5 9. Qe2 Nc6 10. Nbd2 O-O 11. Nb3 {D28: Queen's Gambit Accepted: Classical main line: 7 Qe2 with early ...Nc6} (11. a3 Bd6 12. Bd3 b5 13. Ne4 Nxe4 14. Bxe4 Bb7 15. Bd2 f5 16. Bxc6 Bxc6 17. Bb4 Bxf3 18. Qxf3 Bxb4 19. axb4 Qd2 20. Qc6 Qxb4 21. Qxe6+ Kh8 22. Rxa6 Rxa6 23. Qxa6 Qxb2 24. Qd6 Kg8 25. Qe6+ Kh8 26. Qd6 Kg8 27. Qe6+ {½-½ (26) Bruzon Batista,L (2652)-Dominguez Perez,L (2647) Santa Clara 2006}) 11... Ba7 12. e4 b5 13. Bd3 {The position is equal.} e5 14. Be3 $146 ({Predecessor:} 14. Bg5 Bg4 15. h3 Bxf3 16. Qxf3 Nd4 17. Nxd4 Bxd4 18. a4 Qb6 19. Bxf6 Qxf6 20. Qxf6 gxf6 21. axb5 {½-½ (20) Jacob,G (2333)-Mannion,S (2303) Dundee 2006}) 14... Bg4 15. Rfd1 Qe7 16. h3 Bxe3 17. Qxe3 Bxf3 18. gxf3 (18. Qxf3 $11 Rad8 19. Rac1) 18... Nb4 19. Qc5 Qxc5 20. Nxc5 Rfc8 21. a3 Nc2 (21... Nc6 $15) 22. Bxc2 Rxc5 23. Bd3 g5 24. Kf1 (24. Bf1 $11) 24... Nh5 $17 25. Ke1 Nf4 26. Bf1 Ne6 27. b4 Rc3 28. a4 Rac8 ({Weaker is} 28... Rxf3 29. axb5 Nd4 30. bxa6 $16) 29. axb5 axb5 30. Bxb5 Nd4 31. Ba4 (31. Ra5 $15) 31... Rxf3 32. Rdc1 (32. Bd7 $17 Rc2 33. Rd2) 32... Rb8 $19 33. Bd1 Rxh3 34. Ra5 Rxb4 35. Rxe5 h6 36. Kf1 Ne6 37. Rc8+ Kg7 38. Kg1 Rd3 ({Black should try} 38... Ra3 $19 39. Rc1 Nf4) 39. Bg4 $17 Nf4 40. Rc7 $2 {[%mdl 8192]} (40. Ree8 $17) 40... Rb1+ $19 41. Kh2 Rb2 42. Kg1 Rb1+ 43. Kh2 Rf1 $2 (43... Rd2 44. Rc3 Rxf2+ 45. Kg3 Rg2+ 46. Kf3 Rbg1) 44. Rc2 Kg6 45. Rf5 h5 $2 ({Better is} 45... Rd6 $19 46. Bf3 Rb6) 46. Rc6+ $11 Kg7 47. Rxg5+ {[%mdl 64] [#] Double Attack} Ng6 48. Bxh5 Rxf2+ 49. Kg1 Rb2 50. Rcxg6+ fxg6 51. Rxg6+ {[%mdl 4096] Endgame KRR-KRB} Kh7 52. Rg2 Rb1+ 53. Kh2 Kh6 54. Bg4 Re3 55. Bf5 Kh5 56. Rg3 Re2+ 57. Rg2 Ree1 58. Kg3 Rf1 59. Bg4+ Kg5 60. Be2 Rf4 61. Kh3+ Kf6 {Threatens to win with ...Rh1+.} 62. Rg4 Rb3+ 63. Kg2 Ke5 64. Rxf4 Kxf4 {KR-KB} 65. Kf2 Kxe4 {[#] aiming for ...Rb2.} 66. Bh5 Re3 {And now ...Kf4 would win.} 67. Bg6+ Kf4 {Strongly threatening ...Re6.} 68. Bh7 Re7 69. Bd3 Ra7 {...Ra2+ is the strong threat.} 70. Ke2 Ra2+ 71. Kd1 $1 {Accuracy: White = 50%, Black = 59%.} 1/2-1/2

[Event "LTU-ch Men 2019"]
[Site "Vilnius"]
[Date "2019.03.19"]
[Round "7.3"]
[White "Brazdzionis, Andrius"]
[Black "Zickus, Simonas"]
[Result "1-0"]
[WhiteElo "2311"]
[BlackElo "2330"]
[Annotator "TA"]
[PlyCount "93"]
[EventDate "2019.??.??"]
[EventCountry "LTU"]
[SourceTitle "playchess.com"]
[Source "ChessBase"]
[SourceQuality "1"]

{[%evp 27,93,57,64,56,95,100,95,79,114,118,129,87,71,45,208,25,259,24,299,297,250,255,901,895,858,730,727,727,712,683,869,863,787,302,448,428,421,421,371,252,252,248,612,412,425,415,413,413,523,523,1091,523,2018,1821,2426,2354,2246,2015,5273,4133,2719,1158,2590,2076,29977,29980,29980,29981]} 1. d4 d5 2. c4 dxc4 3. Nf3 Nf6 4. e3 e6 5. Bxc4 a6 6. O-O b5 7. Bb3 Bb7 8. a4 b4 9. Nbd2 c5 10. e4 {[%cal Be3e4,Be4e5][%mdl 32]} cxd4 {D27: Queen's Gambit Accepted: Classical main line: 7 e4!? and 7 a4} (10... Nc6 11. e5 Nd5 12. dxc5 Bxc5 13. Ne4 Be7 14. Bg5 O-O 15. Nd6 Rb8 16. Bxd5 exd5 17. Bxe7 Nxe7 18. Qd3 {0-1 (60) Melkumyan,H (2642)-Postny,E (2651) Sarajevo 2012}) 11. e5 Nfd7 12. Nc4 Nc6 13. Bg5 Qc7 14. Rc1 Nc5 {LiveBook: 3 Games} 15. Ba2 Na5 16. Nxa5 ({Much weaker is} 16. Nxd4 Nxc4 17. Bxc4 Qxe5 $11) 16... Qxa5 17. Qxd4 $146 {Threatens to win with Rfd1.} ({Predecessor:} 17. Nxd4 Qxa4 18. Qxa4+ Nxa4 {1-0 (41) Juhasz,J (2086)-Splichal,J (2198) ICCF email 2012}) 17... b3 18. Bb1 Bd5 19. Rfd1 Qxa4 20. Qe3 h6 $2 {[#]} (20... Qc6 $1 $14) 21. Bh4 $2 (21. Rxd5 $1 $18 {[%mdl 512]} exd5 22. e6 hxg5 23. exf7+ Kd8 24. Nd4 (24. Rxc5 Bxc5 25. Qxc5 Qf4 $11) (24. Qxg5+ Kc7 $17)) 21... Rc8 $2 {[#]} (21... Qc6 $11) 22. Nd4 $2 (22. Rxd5 $1 $18 {[%cal Rc1c5][%mdl 512]} exd5 23. e6 $1 {[%mdl 512]}) 22... Bb7 $2 {[%mdl 8192]} (22... g5 $11 {and Black stays safe.} 23. Bg3 Qd7) 23. f4 $18 {[%cal Bf2f4,Bf4g5,Bg5g6][%mdl 32]} g5 24. fxg5 Be7 $2 (24... hxg5 25. Qxg5 Bd5) 25. g6 Bxh4 26. g7 Rg8 27. Qxh6 Be7 28. Bh7 Rxg7 29. Qxg7 Bf8 30. Qf6 $2 (30. Qg8 {Hoping for Bg6!} Qb4 {[#]} 31. Bg6 $1 {[%mdl 512]}) 30... Nd7 (30... Qd7 $142 31. Qf4 a5) 31. Rxc8+ Bxc8 32. Qf4 Bc5 33. Kh1 {aiming for Bg8.} Bxd4 34. Qxd4 $40 {[%mdl 128] White goes for the king.} Qb5 $2 (34... Qxd4 35. Rxd4 Nxe5) 35. Re1 Bb7 36. Be4 Bxe4 37. Qxe4 {[%mdl 4096] Endgame KQR-KQN} a5 38. h4 {[%cal Bh2h4,Bh4h5][%mdl 32]} Nc5 39. Qd4 (39. Qa8+ $142 Ke7 40. Rd1) 39... Kf8 40. Qd8+ Kg7 41. Qf6+ Kf8 42. Rf1 {[%csl Gf1][%cal Rf6f7]} Qd7 43. h5 {Threatening mate with h6.} Ne4 44. Qh8+ Ke7 45. Qg7 Nf2+ 46. Rxf2 Qd1+ 47. Kh2 {Accuracy: White = 62%, Black = 25%.} 1-0

[Event "LTU-ch Men 2019"]
[Site "Vilnius"]
[Date "2019.03.19"]
[Round "7.4"]
[White "Eigminas, Kipras"]
[Black "Chocenka, Dmitrijus"]
[Result "0-1"]
[WhiteElo "2034"]
[BlackElo "2287"]
[Annotator "NA"]
[PlyCount "102"]
[EventDate "2019.??.??"]
[EventCountry "LTU"]
[SourceTitle "playchess.com"]
[Source "ChessBase"]
[SourceQuality "1"]
[TimeControl "5400+30"]

1. e4 {[%emt 0:00:00]} e6 {[%emt 0:00:00]} 2. d4 {[%emt 0:00:00]} c5 {[%emt 0:00:00]} 3. Nf3 {[%emt 0:00:00]} cxd4 {[%emt 0:00:00]} 4. Nxd4 {[%emt 0:00:00]} Bc5 {[%emt 0:00:00]} 5. Nb3 {[%emt 0:00:00]} Bb6 {[%emt 0:00:00]} 6. Nc3 {[%emt 0:00:00]} Ne7 {[%emt 0:00:00]} 7. Bf4 {[%emt 0:00:00]} d5 {[%emt 0:00:02]} 8. exd5 {[%emt 0:00:00]} exd5 {[%emt 0:00:07]} 9. Bd3 {[%emt 0:00:08]} Nbc6 {[%emt 0:00:54]} 10. Qh5 {[%emt 0:04:31]} Nb4 {[%emt 0:04:39]} 11. Bb5+ {[%emt 0:01:33]} Bd7 {[%emt 0:00:37]} 12. O-O-O {[%emt 0:00:03]} Nxa2+ {[%emt 0:00:30]} 13. Nxa2 {[%emt 0:01:03]} Bxb5 {[%emt 0:00:04]} 14. Nc3 {[%emt 0:02:40]} Bc6 {[%emt 0:02:00]} 15. Rhe1 {[%emt 0:00:35]} O-O {[%emt 0:00:21]} 16. Rd3 {[%emt 0:00:31]} Bc7 {[%emt 0:05:49]} 17. Bg5 {[%emt 0:01:22]} f6 {[%emt 0:02:06]} 18. Rh3 {[%emt 0:03:45]} fxg5 {[%emt 0:01:15]} 19. Qxh7+ {[%emt 0:00:02]} Kf7 {[%emt 0:00:01]} 20. Nc5 {[%emt 0:07:07]} Bf4+ {[%emt 0:03:54]} 21. Kb1 {[%emt 0:01:00]} Rh8 {[%emt 0:00:33]} 22. Qd3 {[%emt 0:02:08]} Qd6 {[%emt 0:02:00]} 23. Ne6 {[%emt 0:00:45]} Rxh3 {[%emt 0:05:08]} 24. Qxh3 {[%emt 0:00:11]} Bd7 {[%emt 0:00:14]} 25. Qh5+ {[%emt 0:01:17]} Kg8 {[%emt 0:00:11]} 26. Nxf4 {[%emt 0:03:17]} gxf4 {[%emt 0:00:17]} 27. Re5 {[%emt 0:00:32]} Rf8 {[%emt 0:03:09]} 28. Qg5 {[%emt 0:02:40]} Rf6 {[%emt 0:00:15]} 29. Nxd5 {[%emt 0:01:01]} Nxd5 {[%emt 0:00:11]} 30. Rxd5 {[%emt 0:00:02]} Qe6 {[%emt 0:00:34]} 31. Rd1 {[%emt 0:01:41]} Qf5 {[%emt 0:00:17]} 32. Qh4 {[%emt 0:00:12]} Qg4 {[%emt 0:00:06]} 33. Qxg4 {[%emt 0:00:45]} Bxg4 {[%emt 0:00:03]} 34. f3 {[%emt 0:00:37]} Bf5 {[%emt 0:00:08]} 35. Rd8+ {[%emt 0:00:06]} Kh7 {[%emt 0:00:33]} 36. g4 {[%emt 0:01:25]} Be6 {[%emt 0:01:05]} 37. h4 {[%emt 0:00:15]} Bc4 {[%emt 0:00:20]} 38. g5 {[%emt 0:00:24]} Re6 {[%emt 0:00:34]} 39. b3 {[%emt 0:00:03]} Be2 {[%emt 0:00:09]} 40. Rd4 {[%emt 0:01:15]} Bxf3 {[%emt 0:00:09]} 41. Rxf4 {[%emt 0:00:02]} Bh5 {[%emt 0:00:25]} 42. Rc4 {[%emt 0:00:49]} Rc6 {[%emt 0:01:05]} 43. Rd4 {[%emt 0:01:35]} Bg6 {[%emt 0:00:46]} 44. Rd7 {[%emt 0:00:50]} Rxc2 {[%emt 0:01:57]} 45. h5 {[%emt 0:00:05]} Be4 {[%emt 0:00:07]} 46. Ka1 {[%emt 0:00:29]} Rg2 {[%emt 0:00:38]} 47. Re7 {[%emt 0:00:04]} Bf3 {[%emt 0:00:16]} 48. Rf7 {[%emt 0:01:13]} Bxh5 {[%emt 0:01:38]} 49. Rxb7 {[%emt 0:00:01]} a6 {[%emt 0:00:33]} 50. Rb6 {[%emt 0:00:13]} Be2 {[%emt 0:00:08]} 51. Re6 {[%emt 0:00:03]} Bb5 {[%emt 0:00:07]} 0-1

[Event "LTU-ch Men 2019"]
[Site "Vilnius"]
[Date "2019.03.19"]
[Round "7.5"]
[White "Kalvaitis, Sigitas"]
[Black "Mickevicius, Juras"]
[Result "1/2-1/2"]
[WhiteElo "2143"]
[BlackElo "2273"]
[Annotator "ChessBase"]
[PlyCount "80"]
[EventDate "2019.??.??"]
[EventCountry "LTU"]
[SourceTitle "playchess.com"]
[Source "ChessBase"]
[SourceQuality "1"]
[TimeControl "5400+30"]

1. e4 {[%emt 0:00:01]} c6 {[%emt 0:00:00]} 2. d4 {[%emt 0:00:24]} d5 {[%emt 0:00:00]} 3. exd5 {[%emt 0:00:33]} cxd5 {[%emt 0:00:00]} 4. c4 {[%emt 0:00:15]} Nf6 {[%emt 0:00:00]} 5. Nc3 {[%emt 0:00:05]} e6 {[%emt 0:00:46]} 6. Nf3 {[%emt 0:01:48]} Be7 {[%emt 0:04:56]} 7. cxd5 {[%emt 0:00:45]} Nxd5 {[%emt 0:00:02]} 8. Bd3 {[%emt 0:00:20]} Nc6 {[%emt 0:00:34]} 9. O-O {[%emt 0:00:24]} O-O {[%emt 0:00:21]} 10. a3 {[%emt 0:02:44]} Bf6 {[%emt 0:09:39]} 11. Be3 {[%emt 0:01:41]} Nxc3 {[%emt 0:05:11]} 12. bxc3 {[%emt 0:00:04]} b6 {[%emt 0:01:18]} 13. Qc2 {[%emt 0:13:43]} g6 {[%emt 0:00:18]} 14. Rad1 {[%emt 0:05:05]} Bb7 {[%emt 0:15:43]} 15. Be4 {[%emt 0:14:09]} Qc7 {[%emt 0:03:58]} 16. c4 {[%emt 0:02:14]} Ne7 {[%emt 0:04:44]} 17. Bxb7 {[%emt 0:09:10]} Qxb7 {[%emt 0:00:04]} 18. Bg5 {[%emt 0:00:12]} Bg7 {[%emt 0:06:53]} 19. d5 {[%emt 0:04:12]} exd5 {[%emt 0:10:04]} 20. cxd5 {[%emt 0:00:18]} f6 {[%emt 0:02:00]} 21. Bh4 {[%emt 0:07:48]} Nxd5 {[%emt 0:09:18]} 22. Qe4 {[%emt 0:00:12]} Rad8 {[%emt 0:04:04]} 23. Rd3 {[%emt 0:05:26]} Qf7 {[%emt 0:02:20]} 24. Qa4 {[%emt 0:04:26]} Rc8 {[%emt 0:01:00]} 25. Qd4 {[%emt 0:03:23]} Ne7 {[%emt 0:00:39]} 26. Qa4 {[%emt 0:00:53]} Nf5 {[%emt 0:00:49]} 27. Rd7 {[%emt 0:00:37]} Qc4 {[%emt 0:01:23]} 28. Qxa7 {[%emt 0:00:46]} Ra8 {[%emt 0:00:30]} 29. Qc7 {[%emt 0:04:38]} Qxc7 {[%emt 0:00:11]} 30. Rxc7 {[%emt 0:00:03]} Rxa3 {[%emt 0:01:07]} 31. Bg3 {[%emt 0:00:05]} Nxg3 {[%emt 0:00:10]} 32. hxg3 {[%emt 0:00:04]} Raa8 {[%emt 0:04:35]} 33. Rb1 {[%emt 0:01:29]} Rfb8 {[%emt 0:01:33]} 34. Nd4 {[%emt 0:00:49]} f5 {[%emt 0:02:32]} 35. Nc6 {[%emt 0:02:06]} Re8 {[%emt 0:00:04]} 36. Rxb6 {[%emt 0:03:41]} Ra1+ {[%emt 0:02:48]} 37. Kh2 {[%emt 0:00:04]} Bf8 {[%emt 0:02:49]} 38. Rb8 {[%emt 0:01:22]} Rxb8 {[%emt 0:00:12]} 39. Nxb8 {[%emt 0:00:04]} Bd6 {[%emt 0:00:33]} 40. Rc6 {[%emt 0:01:07]} Bxb8 {[%emt 0:01:54]} 1/2-1/2

[Event "LTU-ch Men 2019"]
[Site "Vilnius"]
[Date "2019.03.19"]
[Round "7.6"]
[White "Sakalauskas, Vaidas"]
[Black "Baginskaite, Camilla"]
[Result "1/2-1/2"]
[WhiteElo "2346"]
[BlackElo "2136"]
[Annotator "TA"]
[PlyCount "53"]
[EventDate "2019.??.??"]
[EventCountry "LTU"]
[SourceTitle "playchess.com"]
[Source "ChessBase"]
[SourceQuality "1"]

{[%evp 11,53,0,17,0,8,0,0,0,0,0,0,0,27,18,43,29,38,31,40,32,34,32,19,20,48,64,56,70,49,37,43,0,25,0,0,0,0,0,0,0,0,0,0,0]} 1. d4 Nf6 2. c4 e6 3. Nc3 Bb4 4. Qc2 O-O 5. Nf3 d5 6. cxd5 exd5 7. Bg5 {E32: Nimzo-Indian: Classical (4 Qc2): 4...0-0} h6 8. Bh4 c5 9. e3 c4 (9... cxd4 10. Nxd4 Nc6 11. Nxc6 bxc6 12. a3 Bxc3+ 13. Qxc3 d4 14. Qxd4 Qxd4 15. exd4 {½-½ (28) Laznicka,V (2662)-Gelfand,B (2703) Novy Bor 2018}) 10. Be2 Nc6 11. O-O Bxc3 12. bxc3 Bg4 $146 ({Predecessor:} 12... g5 13. Bg3 Ne4 14. Nd2 Bf5 15. Nxe4 Bxe4 16. Qb2 {1-0 (39) Smirnov,A (2479)-Arjun,K (2299) Bangkok 2016}) 13. Ne5 Bxe2 14. Qxe2 g5 15. Bg3 $1 Ne4 16. f3 Nxg3 17. hxg3 Nxe5 18. dxe5 Qe7 19. f4 f6 20. e4 fxe5 21. exd5 Qc5+ 22. Kh2 exf4 {The position is equal.} 23. Qe6+ {[%mdl 64] [#] Double Attack} Kg7 24. Qe5+ Kg8 {Threatens to win with ...Rae8.} 25. Qe6+ {[%mdl 64] Double Attack} Kg7 26. Qe5+ Kg8 {[#] aiming for ...Rae8.} 27. Qe6+ {[%mdl 64] Double Attack. Accuracy: White = 58%, Black = 77%.} 1/2-1/2

[Event "LTU-ch Men 2019"]
[Site "Vilnius"]
[Date "2019.03.19"]
[Round "7.7"]
[White "Stremavicius, Pijus"]
[Black "Stauskas, Lukas"]
[Result "0-1"]
[WhiteElo "2079"]
[BlackElo "2357"]
[Annotator "TA"]
[PlyCount "49"]
[EventDate "2019.??.??"]
[EventCountry "LTU"]
[SourceTitle "playchess.com"]
[Source "ChessBase"]
[SourceQuality "1"]

{[%evp 9,49,14,15,8,0,11,10,18,14,8,0,0,0,-99,0,-7,0,-1,0,-29,54,33,74,60,74,28,29,20,29,0,0,0,0,-604,-594,-675,-632,-645,-643,-623,-547,-29991]} 1. d4 b5 2. e4 a6 3. c4 Bb7 4. Qc2 (4. Nc3 b4 5. Nd5 e6 6. Ne3 Bxe4 7. d5 Nf6 8. Ne2 Bc5 9. Ng3 Bg6 10. h4 h5 11. Be2 d6 {0-1 (42) Vachier Lagrave,M (2795)-Xiong,J (2652) chess.com INT 2017}) 4... e6 5. cxb5 Nf6 6. Nc3 $146 {B00: Queen's Fianchetto Defence, Nimzowitsch Defence} ({Predecessor:} 6. f3 axb5 7. Bxb5 c5 8. Be3 Qa5+ 9. Nc3 cxd4 10. Bxd4 Bb4 11. a4 Nc6 {0-1 (61) Basener,W (2214)-Jovanovic,M (2078) Munich 2006}) 6... axb5 7. Bxb5 Bb4 {White must now prevent ...Bxe4.} 8. Bd3 {The position is equal.} c5 9. dxc5 Na6 10. Nge2 Nxc5 11. Bg5 (11. O-O $11 {keeps the balance.}) 11... h6 ({Better is} 11... Bxe4 $17 12. Bxe4 Ncxe4 13. Bxf6 Nxf6) 12. Bxf6 $11 Qxf6 13. O-O O-O 14. Rfc1 Qg6 (14... Ba5 $11) 15. a3 $14 Bxc3 16. Nxc3 f5 {[%cal Rf5e4]} 17. Nd5 {[%mdl 64] [#] Deflection} exd5 18. exf5 Qg5 $1 19. Qxc5 {Hoping for Qd4.} (19. h4 $5 {[%cal Rh4g5]} Qg4 20. Qxc5 $11) 19... d4 $1 $40 {[%csl Gb7][%cal Rg5g2][%mdl 128] Black has some attack.} 20. Qc4+ Kh8 $1 {[%csl Gb7][%cal Rg5g2]} 21. g3 $2 {[%mdl 8192] [#]} (21. Bf1 $11 Rfc8 22. h4) 21... Qg4 $1 $19 {[%cal Rg4f3] And now ...Qf3 would win.Black is clearly winning.} 22. Be2 Qe4 {[%csl Gb7][%cal Re4h1]} 23. f3 Qe3+ 24. Kg2 {intending Rf1.} Rac8 25. h4 {Accuracy: White = 42%, Black = 62%.} 0-1

[Event "LTU-ch Men 2019"]
[Site "Vilnius"]
[Date "2019.03.19"]
[Round "7.8"]
[White "Zaksaite, Salomeja"]
[Black "Maziukas, Kasparas"]
[Result "1-0"]
[WhiteElo "2260"]
[BlackElo "1931"]
[Annotator "NA"]
[PlyCount "57"]
[EventDate "2019.??.??"]
[EventCountry "LTU"]
[SourceTitle "playchess.com"]
[Source "ChessBase"]
[SourceQuality "1"]
[TimeControl "5400+30"]

1. e4 {[%emt 0:00:00]} e6 {[%emt 0:00:00]} 2. d4 {[%emt 0:00:00]} d5 {[%emt 0:00:00]} 3. Nc3 {[%emt 0:00:00]} Bb4 {[%emt 0:00:00]} 4. e5 {[%emt 0:00:00]} Ne7 {[%emt 0:00:02]} 5. Bd2 {[%emt 0:01:10]} b6 {[%emt 0:01:14]} 6. Qg4 {[%emt 0:01:56]} O-O {[%emt 0:02:11]} 7. Nf3 {[%emt 0:01:10]} Ba6 {[%emt 0:01:58]} 8. Bxa6 {[%emt 0:00:27]} Nxa6 {[%emt 0:00:04]} 9. h4 {[%emt 0:00:06]} Nf5 {[%emt 0:05:24]} 10. h5 {[%emt 0:00:37]} Be7 {[%emt 0:14:36]} 11. h6 {[%emt 0:05:53]} g6 {[%emt 0:00:05]} 12. Ne2 {[%emt 0:02:43]} Nb4 {[%emt 0:00:58]} 13. Bxb4 {[%emt 0:00:38]} Bxb4+ {[%emt 0:00:06]} 14. c3 {[%emt 0:00:02]} Be7 {[%emt 0:00:09]} 15. Qh3 {[%emt 0:06:43]} g5 {[%emt 0:02:25]} 16. g4 {[%emt 0:03:32]} Nh4 {[%emt 0:00:03]} 17. Nxh4 {[%emt 0:00:13]} gxh4 {[%emt 0:00:04]} 18. f4 {[%emt 0:00:10]} f5 {[%emt 0:03:46]} 19. exf6 Rxf6 {[%emt 0:00:12]} 20. g5 {[%emt 0:01:22]} Rf5 {[%emt 0:00:13]} 21. Qxh4 {[%emt 0:00:09]} Bd6 {[%emt 0:02:02]} 22. O-O {[%emt 0:01:27]} c5 {[%emt 0:13:27]} 23. Ng3 {[%emt 0:02:10]} Rf7 {[%emt 0:00:12]} 24. Qg4 {[%emt 0:00:08]} Qf8 {[%emt 0:11:36]} 25. Qxe6 {[%emt 0:05:18]} Re8 {[%emt 0:00:16]} 26. Qxd5 {[%emt 0:00:06]} Re3 {[%emt 0:00:19]} 27. Nf5 {[%emt 0:00:46]} Qe8 {[%emt 0:01:26]} 28. Nxd6 {[%emt 0:01:34]} Rg3+ {[%emt 0:00:04]} 29. Kh2 {[%emt 0:00:14]} 1-0

[Event "LTU-ch Men 2019"]
[Site "Vilnius"]
[Date "2019.03.19"]
[Round "7.9"]
[White "Zilakauskis, Steponas"]
[Black "Juknis, Paulius"]
[Result "0-1"]
[WhiteElo "1679"]
[BlackElo "2219"]
[Annotator "NA"]
[PlyCount "102"]
[EventDate "2019.??.??"]
[EventCountry "LTU"]
[SourceTitle "playchess.com"]
[Source "ChessBase"]
[SourceQuality "1"]
[TimeControl "5400+30"]

1. d4 {[%emt 0:00:00]} d5 {[%emt 0:00:00]} 2. Nf3 {[%emt 0:00:00]} Nc6 {[%emt 0:00:11]} 3. Bf4 {[%emt 0:00:26]} Bg4 {[%emt 0:00:09]} 4. e3 {[%emt 0:01:58]} e6 {[%emt 0:00:12]} 5. Nbd2 {[%emt 0:00:59]} Bd6 {[%emt 0:00:13]} 6. Bg3 {[%emt 0:00:45]} Nf6 {[%emt 0:02:23] D02: 1 d4 d5 2 Nf3 sidelines, including 2...Nf6 3 g3 and 2...Nf6 3 Bf4} 7. c4 {[%emt 0:06:36]} O-O {[%emt 0:08:43]} 8. cxd5 $146 {[%emt 0:06:13]} ({Predecessor:} 8. Be2 Ne4 9. O-O Nxd2 10. Qxd2 dxc4 11. Rfc1 Rb8 12. Rxc4 Bxg3 13. hxg3 Bxf3 14. Bxf3 {½-½ (25) Dydyshko,V (2480)-Manninen,M (2380) Pula 1997}) 8... exd5 {[%emt 0:01:33]} 9. Be2 {[%emt 0:04:23]} Ne7 {[%emt 0:06:47]} 10. Ne5 {[%emt 0:04:20]} Bxe2 {[%emt 0:01:30]} 11. Qxe2 {[%emt 0:00:02]} c6 {[%emt 0:04:32]} 12. O-O {[%emt 0:02:38]} Nf5 {[%emt 0:02:51]} 13. Bf4 {[%emt 0:08:25]} Nd7 {[%emt 0:04:36]} 14. Qg4 {[%emt 0:07:29]} Bxe5 {[%emt 0:02:59]} 15. dxe5 {[%emt 0:00:23]} Ne7 {[%emt 0:00:59]} 16. Rad1 {[%emt 0:11:49]} Ng6 {[%emt 0:03:05]} 17. Nf3 {[%emt 0:06:14]} Qe8 {[%emt 0:08:49]} 18. Qh5 {[%emt 0:04:18]} f6 {[%emt 0:04:03]} 19. e6 {[%emt 0:04:47]} Qxe6 {[%emt 0:04:11]} 20. Nd4 {[%emt 0:00:49]} Qf7 {[%emt 0:01:21]} 21. Bg3 {[%emt 0:03:19]} Ne7 {[%emt 0:02:49]} 22. Qh3 {[%emt 0:02:30]} f5 {[%emt 0:01:42]} 23. Bd6 {[%emt 0:01:40]} Rae8 {[%emt 0:01:11]} 24. f3 {[%emt 0:03:40]} Qf6 {[%emt 0:03:53]} 25. Ba3 {[%emt 0:01:08]} c5 {[%emt 0:03:21]} 26. Nb5 {[%emt 0:01:32]} Qc6 {[%emt 0:00:23]} 27. Nc3 {[%emt 0:00:56]} Ne5 {[%emt 0:03:20]} 28. b3 {[%emt 0:02:34]} b5 {[%emt 0:05:09]} 29. Bb2 {[%emt 0:05:40]} b4 {[%emt 0:01:22]} 30. Ne2 {[%emt 0:01:55]} N7g6 {[%emt 0:00:30]} 31. Qg3 {[%emt 0:01:40]} c4 {[%emt 0:04:02]} 32. Bd4 {[%emt 0:00:17]} Nd3 {[%emt 0:03:43]} 33. Nf4 {[%emt 0:03:32]} Ndxf4 {[%emt 0:01:35]} 34. exf4 {[%emt 0:00:08]} Qc7 {[%emt 0:00:15]} 35. Rfe1 {[%emt 0:02:08]} Qxf4 {[%emt 0:03:12]} 36. Bc5 {[%emt 0:00:46]} Qxg3 {[%emt 0:01:30]} 37. hxg3 {[%emt 0:00:01]} Rxe1+ {[%emt 0:00:11]} 38. Rxe1 $19 {[%emt 0:00:06]} Rc8 {[%emt 0:01:54]} 39. Bxb4 {[%emt 0:02:03]} c3 {[%emt 0:00:45]} 40. Bxc3 {[%emt 0:00:13]} Rxc3 {[%emt 0:00:06]} 41. Rd1 {[%emt 0:00:07]} Ne7 {[%emt 0:00:20]} 42. Rd2 {[%emt 0:00:11]} Kf7 {[%emt 0:00:10]} 43. Kf2 {[%emt 0:00:38]} Ke6 {[%emt 0:00:06]} 44. b4 {[%emt 0:00:24]} Kd6 {[%emt 0:00:39]} 45. Ke2 {[%emt 0:00:28]} Nc6 {[%emt 0:00:14]} 46. b5 {[%emt 0:00:07]} Nb4 {[%emt 0:00:34]} 47. a4 {[%emt 0:00:18]} Rc2 {[%emt 0:00:16]} 48. Rxc2 {[%emt 0:00:04]} Nxc2 {[%emt 0:00:01]} 49. Kd3 {[%emt 0:00:10]} Ne1+ {[%emt 0:01:15]} 50. Ke2 {[%emt 0:00:12]} Nxg2 {[%emt 0:00:15]} 51. Kf2 {[%emt 0:00:04]} Ke5 0-1